Statistics for management and economics / (Record no. 464)

MARC details
000 -LEADER
fixed length control field 01848cam a22003134a 4500
001 - CONTROL NUMBER
control field 12773876
005 - DATE AND TIME OF LATEST TRANSACTION
control field 20210414113909.0
008 - FIXED-LENGTH DATA ELEMENTS--GENERAL INFORMATION
fixed length control field 020514s2003 caua b 001 0 eng
010 ## - LIBRARY OF CONGRESS CONTROL NUMBER
LC control number 2002070656
020 ## - INTERNATIONAL STANDARD BOOK NUMBER
International Standard Book Number 0534391869
040 ## - CATALOGING SOURCE
Original cataloging agency DLC
Transcribing agency DLC
Modifying agency DLC
042 ## - AUTHENTICATION CODE
Authentication code pcc
050 00 - LIBRARY OF CONGRESS CALL NUMBER
Classification number HD30.215.K45
082 00 - DEWEY DECIMAL CLASSIFICATION NUMBER
Classification number 658.4/033
Edition number 21
100 1# - MAIN ENTRY--PERSONAL NAME
Personal name Keller, Gerald.
245 10 - TITLE STATEMENT
Title Statistics for management and economics /
Statement of responsibility, etc. Gerald Keller and Brian Warrack
250 ## - EDITION STATEMENT
Edition statement 6th ed.
260 ## - PUBLICATION, DISTRIBUTION, ETC.
Place of publication, distribution, etc. Pacific Grove, CA :
Name of publisher, distributor, etc. Thomson/Brooks/Cole;
Date of publication, distribution, etc. c2003.
300 ## - PHYSICAL DESCRIPTION
Extent xxii, 832 p.:
Other physical details ill. (some col.) ;
Dimensions 26 cm.
504 ## - BIBLIOGRAPHY, ETC. NOTE
Bibliography, etc. note Includes bibliographical references and index.
505 ## - FORMATTED CONTENTS NOTE
Formatted contents note Contents: What is statistics? -- Graphical descriptive techniques -- Art and science of graphical presentations -- Numerical descriptive techniques -- Data collection and sampling -- Probability -- Random variables and discrete probability distributions -- Continuous probability distributions -- Sampling distributions-- Introduction to estimation -- Introduction to hypothesis testing -- Inference about a population -- Inference about comparing two populations -- Analysis of variance -- Chi-squared tests -- Nonparametric statistics -- Simple linear regression and correlation -- Multiple regression -- Model building -- Time series analysis and forecasting -- Statistical process control -- Decision analysis -- Apendix A, B and C.
538 ## - SYSTEM DETAILS NOTE
System details note System requirements for accompanying computer disc: 32MB RAM Pentium 266 MHz processor minimum.
650 #0 - SUBJECT ADDED ENTRY--TOPICAL TERM
Topical term or geographic name entry element Management
General subdivision Statistical methods.
650 #0 - SUBJECT ADDED ENTRY--TOPICAL TERM
Topical term or geographic name entry element Economics
General subdivision Statistical methods.
700 1# - ADDED ENTRY--PERSONAL NAME
Personal name Warrack, Brian.
906 ## - LOCAL DATA ELEMENT F, LDF (RLIN)
a 7
b cbc
c orignew
d 1
e ocip
f 20
g y-gencatlg
942 ## - ADDED ENTRY ELEMENTS (KOHA)
Source of classification or shelving scheme Library of Congress Classification
Koha item type Books
Holdings
Withdrawn status Lost status Source of classification or shelving scheme Damaged status Not for loan Home library Current library Shelving location Date acquired Total Checkouts Full call number Barcode Date last seen Copy number Price effective from Koha item type
    Library of Congress Classification     WISCONSIN INTERNATIONAL UNIVERSITY COLLEGE, GHANA - MAIN LIBRARY WISCONSIN INTERNATIONAL UNIVERSITY COLLEGE, GHANA - MAIN LIBRARY General Stacks 25/01/2012   HD30.215.K45 1242/11 25/01/2012 1 14/04/2021 Books
    Library of Congress Classification     WISCONSIN INTERNATIONAL UNIVERSITY COLLEGE, GHANA - MAIN LIBRARY WISCONSIN INTERNATIONAL UNIVERSITY COLLEGE, GHANA - MAIN LIBRARY General Stacks 25/01/2012   HD30.215.K451 1243/11 25/01/2012 2 25/01/2012 Books
    Library of Congress Classification     WISCONSIN INTERNATIONAL UNIVERSITY COLLEGE, GHANA - MAIN LIBRARY WISCONSIN INTERNATIONAL UNIVERSITY COLLEGE, GHANA - MAIN LIBRARY General Stacks 25/01/2012   HD30.215.K452 1244/11 25/01/2012 3 25/01/2012 Books
    Library of Congress Classification     WISCONSIN INTERNATIONAL UNIVERSITY COLLEGE, GHANA - MAIN LIBRARY WISCONSIN INTERNATIONAL UNIVERSITY COLLEGE, GHANA - MAIN LIBRARY General Stacks 25/01/2012   HD30.215.K453 1245/11 25/01/2012 4 25/01/2012 Books
    Library of Congress Classification     WISCONSIN INTERNATIONAL UNIVERSITY COLLEGE, GHANA - MAIN LIBRARY WISCONSIN INTERNATIONAL UNIVERSITY COLLEGE, GHANA - MAIN LIBRARY General Stacks 25/01/2012   HD30.215.K454 1246/11 25/01/2012 5 25/01/2012 Books

If you have any concerns or questions; kindly contact the library


© Powered by WIUC ICT DIRECTORATE